书目信息 |
| 题名: |
门急诊药物手册
|
|
| 作者: | 王浙东 主编 | |
| 分册: | ||
| 出版信息: | 南京 江苏科学技术出版社 2004.04 |
|
| 页数: | 728页 | |
| 开本: | 19cm | |
| 丛书名: | 实用门急诊丛书 | |
| 单 册: | ||
| 中图分类: | R97-62 | |
| 科图分类: | ||
| 主题词: | 门诊--men zhen--药物--手册 , 急诊--ji zhen--药物--手册 | |
| 电子资源: | ||
| ISBN: | 7-5345-3862-9 | |
| 000 | 00878nam 2200289 450 | |
| 001 | CAL 012003178922 | |
| 005 | 20050614093934.31 | |
| 010 | @a7-5345-3862-9@dCNY 40.00 | |
| 099 | @aCAL 012003178922 | |
| 100 | @a20031203d2004 ekmy0chiy0121 ea | |
| 101 | 0 | @achi |
| 102 | @aCN@b320000 | |
| 105 | @ak a 001yy | |
| 200 | 1 | @a门急诊药物手册@Amen ji zhen yao wu shou ce@f王浙东主编@Fwang zhe dong zhu bian |
| 210 | @a南京@c江苏科学技术出版社@d2004.04 | |
| 215 | @a728页@d19cm | |
| 225 | 2 | @a实用门急诊丛书@Ashi yong men ji zhen cong shu |
| 320 | @a有书目 (第728页) 和索引 | |
| 410 | 0 | @12001 @a实用门急诊丛书 |
| 606 | 0 | @a门诊@Amen zhen@x药物@j手册 |
| 606 | 0 | @a急诊@Aji zhen@x药物@j手册 |
| 690 | @aR97-62@v4 | |
| 701 | 0 | @a王浙东@Awang zhe dong@4主编 |
| 801 | 0 | @aCN@bWUL@c20050614 |
| 905 | @a10447@dR97-62@eW460 | |
| 906 | @dCNY40.00@n0@r1 | |
| 998 | @aWUL | |
| 门急诊药物手册/王浙东主编.-南京:江苏科学技术出版社,2004.04 |
| 728页;19cm.-(实用门急诊丛书) |
| ISBN 7-5345-3862-9:CNY 40.00 |
| ● |
| 相关链接 |
|
|
|
正题名:门急诊药物手册
索取号:R97-62/W460
 
预约/预借
| 序号 | 登录号 | 条形码 | 馆藏地/架位号 | 状态 | 备注 |
| 1 | 533626 | 205336260 | 自科库401/401自科库 23排2列4层/ [索取号:R97-62/W460] | 在馆 | |
| 2 | 533627 | 205336279 | 自科库401/401自科库 23排2列4层/ [索取号:R97-62/W460] | 在馆 | |
| 3 | 533628 | 205336288 | 自科库401/401自科库 23排2列4层/ [索取号:R97-62/W460] | 在馆 |